00835nam a2200229Ia 450000500170000000800410001702000150005804000780007304100080015110000320015924501450019126000640033630000330040049000110043365000290044465000290047365000160050265000230051865000170054170000210055876500260057920160115101519.0130821s2006 ck ao gr spa  a9586393518 aCo-BoUCMbspacLuz Cupitra (modificó)dAldemar Mondragón (modificó)00aspa1 aDiamond, Jared Masond1937-10aArmas, gérmenes y acero breve historia de la humanidad en los últimos trece mil añoscJared Diamond ; traducción de Fabián Chueca aBogotá (Colombia)bEditorial Random House Mondadoric2006 a588 páginasbfotografías 0aDebate04aCivilizaciónxHistoria04aDifusión de la cultura04aEtnología04aEvolución social04aSociología1 aChueca, Fabián tGuns, germs and steel